000 00810nam a22001457a 4500
999 _c532527
_d532527
008 260213b ||||| |||| 00| 0 eng d
100 _aNisha, and Goe, Khusboo
_958912
245 _aLyla Mehta, Hans Nicolai Adam and shiplap Srivastava, the politics of climate change and uncertainty in India
260 _aJournal of Indian Public Administration
300 _a71(4), Dec, 2025: p.864-867
520 _aPathways to Sustainability), 2021, 215 pp., ₹3,466, Routledge. ISBN: 1032190787.- Reproduced https://journals.sagepub.com/doi/full/10.1177/00195561251394171?_gl=1*1yndvuv*_up*MQ..*_ga*MTg0NzIxMzQ5MC4xNzcwOTYzNTkx*_ga_60R758KFDG*czE3NzA5NjM1OTAkbzEkZzAkdDE3NzA5NjM1OTAkajYwJGwwJGg0MzcxNjk5Mjg.
773 _aJournal of Indian Public Administration
906 _aBOOK REVIEW
942 _cAR